Stocks to riches; (Record no. 68477)

MARC details
000 -LEADER
fixed length control field 00704nam a22002057a 4500
005 - DATE AND TIME OF LATEST TRANSACTION
control field 2012071901121.0
010 ## - LCCN (DPL NO)
LC control number G-002039
020 ## - INTERNATIONAL STANDARD BOOK NUMBER
International Standard Book Number 9780070597716
Terms of availability 195.00
035 ## - SYSTEM CONTROL NUMBER
System control number G-002039
037 ## - SOURCE OF ACQUISITION
Stock number dpl
Source of stock number/acquisition Gift
082 ## - DEWEY DECIMAL CLASSIFICATION NUMBER
Classification number 332.632
100 ## - MAIN ENTRY--PERSONAL NAME
Personal name Parikhi, Parag.
245 ## - TITLE STATEMENT
Title Stocks to riches;
Remainder of title Insights on Investor Behaviour/
Statement of responsibility, etc by Parag Parikh
260 ## - PUBLICATION, DISTRIBUTION, ETC. (IMPRINT)
Place of publication, distribution, etc New delhi
Name of publisher, distributor, etc Tata McGrraw-Hill
Date of publication, distribution, etc 2006
270 ## - ADDRESS
Address 7 West Patel Nagar,
City New Delhi
300 ## - PHYSICAL DESCRIPTION
Extent 112p
Dimensions 22cm
942 ## - ADDED ENTRY ELEMENTS (KOHA)
Source of classification or shelving scheme Dewey Decimal Classification
Item type English Books
Call number suffix PAR
Classification part 332.632
Holdings
Withdrawn status Lost status Not for loan Collection code Home library Current library Date acquired Source of acquisition Cost, normal purchase price Full call number Barcode Copy number Cost, replacement price Koha item type
      Non-fiction Vinoba Puri Vinoba Puri 19/07/2012 Gift 195.00 PAR G-002039 1 195.00 English Books

© Delhi Public Library
Hit Counter
free hit counter